الفنان مصطفى أحمد / (Record no. 25077)
[ view plain ]
| 000 -الفاتح | |
|---|---|
| حقل البيانات ثابتة الطول | 01206nam a22003137a 4500 |
| 003 - محدد رقم الضبط | |
| رقم الضبط | EG-ScBUE |
| 005 - وقت وتاريخ اخر تعامل مع التسجيلة | |
| رقم الضبط | 20221026100151.0 |
| 008 - عناصر البيانات ثابتة الطول - معلومات عامة | |
| حقل البيانات ثابتة الطول | 170726s2002 ua c f 000 0dara d |
| 017 ## - رقم الإيداع القانونى | |
| رقم الإيداع القانونى | 2002 / 2364 |
| 020 ## - الرقم الدولى المعيارى للكتب | |
| الرقم الدولى المعيارى للكتاب | 9770907979 |
| 040 ## - مصدر الفهرسة | |
| وكالة الفهرسة الأصلية | EG-ScBUE |
| لغة الفهرسة | ara |
| قواعد الوصف | rda |
| وكالة النسخ | EG-ScBUE |
| وكالة التعديل | EG-ScBUE |
| 041 ## - رمز اللغة | |
| رمز لغة النص/ المسارات الصوتية أو العنوان الانفرادي | ara |
| -- | eng |
| 082 04 - رقم تصنيف ديوى العشرى | |
| رقم الطبعة | 22 |
| رقم التصنيف | 708.96216 |
| رقم المادة | ش ا ر |
| 100 1# - المدخل الرئيسى - إسم شخصى | |
| الإسم الشخصى | شاروني، صبحي، |
| الدور | مؤلف. |
| 245 12 - بيان العنوان | |
| العنوان | الفنان مصطفى أحمد / |
| بيان المسئوليه,etc | إعداد الدكتور صبحي الشاروني ؛ تقديم الدكتورة سميرة أبو زيد. |
| 246 15 - العنوان الموازى | |
| عنوان صحيح/عنوان مختصر | Painter Mostafa Ahmed |
| 264 #1 - النشر، التوزيع | |
| مكان الناشر او الموزع | القاهرة : |
| اسم الناشر او الموزع | دار الشروق، |
| تاريخ النشر أو التوزيع | 2002. |
| 300 ## - الوصف المادى | |
| التعداد | 150 صفحة : |
| تفاصيل ماديه اخرى للوعاء | لوحات ؛ |
| أبعاد الوعاء | 30 سم |
| 546 ## - تبصرة اللغة | |
| تبصرة اللغة | النص باللغتين العربية والإنجليزية. |
| 590 ## - تبصرة محلية(RLIN) | |
| تبصرة محلية | سارة |
| 600 17 - المدخل الاضافى بالموضوع-اسم شخصى | |
| مصدر الرأس أو المصطلح | BUEsh |
| الإسم الشخصى | مصطفى، مصطفى أحمد، |
| التواريخ المصاحبة للاسم | 1930-1999 |
| التقسيم الفرعي العام | مجموعات فنية. |
| 650 #7 - المدخل الاضافى بالموضوع-مصطلح موضوعى | |
| مصدر الرأس أو المصطلح | BUEsh |
| مصطلح موضوعي أو اسم جغرافي كعنصر مدخل | الرسامون المصريون |
| التقسيم الفرعي الشكلي | صور ولوحات |
| -- | تراجم. |
| 650 #7 - المدخل الاضافى بالموضوع-مصطلح موضوعى | |
| مصدر الرأس أو المصطلح | BUEsh |
| مصطلح موضوعي أو اسم جغرافي كعنصر مدخل | اللوحات الفنية. |
| 651 ## - المدخل الاضافى بالموضوع - اسم جغرافى | |
| مصدر الرأس أو المصطلح | BUEsh |
| 653 ## - مصطلح تكشيفى غير مقيد | |
| Resource For college | Generalities |
| Arrived date list | July2017 |
| 655 ## - مصطلح تكشيفى-نوع/شكل | |
| التقسيم الفرعي الشكلي | Reading book |
| 700 1# - المدخل الاضافى - اسم شخصى | |
| الإسم الشخصى | أبو زيد، سميرة، |
| الدور | مقدم. |
| 942 ## - عناصر المدخل الإضافي( كوها) | |
| مصدر التصنيف او مخطط الترفيف | Dewey Decimal Classification |
| حالة التراجع | حالة الفقد | مصدر التصنيف او خطة الترفيف | حالة تلف | ليس للاعارة | مجموعات كوها | المكان الدائم | المكان الحالي | موقع الترفيف | تاريخ الاكتساب | Source of acquisition | سعر الشراء الطبيعي | تعداد مسلسل / التسلسل الزمني | رقم الاستدعاء | الباركود | Date last seen | التكلفة | نوع الوعاء |
|---|---|---|---|---|---|---|---|---|---|---|---|---|---|---|---|---|---|
| Dewey Decimal Classification | Dar Al shrok | Central Library | Central Library | Second Floor | 26/07/2017 | Purchase | 120.00 | 2502 | 708.96216 ش ا ر | 000034850 | 15/07/2025 | 150.00 | Book - Borrowing |